Modern land law. (Record no. 101479)

MARC details
000 -LEADER
fixed length control field 00618cam a2200193 4500
008 - FIXED-LENGTH DATA ELEMENTS--GENERAL INFORMATION
fixed length control field 000000n2001 000 0 eng u
020 ## - INTERNATIONAL STANDARD BOOK NUMBER
International Standard Book Number 0198765568
035 ## - SYSTEM CONTROL NUMBER
System control number (Sirsi) u112925
050 ## - LIBRARY OF CONGRESS CALL NUMBER
Classification number 346.41043
100 ## - MAIN ENTRY--PERSONAL NAME
Personal name Thompson, Mark P.
245 ## - TITLE STATEMENT
Title Modern land law.
260 ## - PUBLICATION, DISTRIBUTION, ETC.
Place of publication, distribution, etc. Oxford
Name of publisher, distributor, etc. Oxford University Press
Date of publication, distribution, etc. 2001
300 ## - PHYSICAL DESCRIPTION
Extent xlii,475p. ; 25cm.
350 ## - PRICE (NR) (BK AM CF MU VM SE) [OBSOLETE]
Price 21.99
520 ## - SUMMARY, ETC.
Summary, etc. Aimed at students, the book provides an introduction to the basic principles and social context of modern land law including co-ownership and leasehold estates.
650 ## - SUBJECT ADDED ENTRY--TOPICAL TERM
Topical term or geographic name entry element LAND LAW
690 ## - LOCAL SUBJECT ADDED ENTRY--TOPICAL TERM (OCLC, RLIN)
Topical term or geographic name as entry element PROPERTY
942 ## - ADDED ENTRY ELEMENTS (KOHA)
Suppress in OPAC 0
Holdings
Withdrawn status Lost status Source of classification or shelving scheme Damaged status Not for loan Home library Current library Shelving location Date acquired Cost, normal purchase price Total Checkouts Full call number Barcode Date last seen Date last checked out Copy number Cost, replacement price Price effective from Koha item type
    Dewey Decimal Classification     London London Basement 21/06/2001 21.99 9 SHELF 329 30064499 06/08/2019 27/01/2003 1 21.99 06/08/2019 Book
    Dewey Decimal Classification     London London Books 21/06/2001 21.99   SHELF 329 30064498 06/08/2019   2 21.99 06/08/2019 Book